Normal view
MARC view
- البيجاني، محمد بن سالم
Entry Personal Name
001 - CONTROL NUMBER
- control field: 15418
003 - CONTROL NUMBER IDENTIFIER
- control field: JO-AjAnu
005 - DATE AND TIME OF LATEST TRANSACTION
- control field: 20230606072747.0
008 - FIXED-LENGTH DATA ELEMENTS
- fixed length control field: 230606|| aca||aabn | a|a d
040 ## - CATALOGING SOURCE
- Original cataloging agency: JO-AjAnu
- Transcribing agency: JO-AjAnu
100 ## - HEADING--PERSONAL NAME
- Personal name: البيجاني، محمد بن سالم
670 ## - SOURCE DATA FOUND
- Source citation: Work cat.: (JO-AjAnu)7918: البيجاني، محمد بن سالم, author, الفتوحات الربانية بالخطب والمواعظ القرآنية